[Event "Buenos Aires Faogba 36th"]
[Site "Buenos Aires"]
[Date "2019.11.12"]
[Round "2.3"]
[White "Ostoich, Mariano Ivan"]
[Black "Wald, Gabriel"]
[Result "1/2-1/2"]
[WhiteElo "2172"]
[BlackElo "1876"]
[PlyCount "114"]
[EventDate "2019.11.07"]
[EventType "swiss"]
[EventRounds "7"]
[EventCountry "ARG"]
[SourceTitle "EXT 2024"]
[Source "ChessBase"]
[SourceDate "2023.10.10"]
[SourceVersion "1"]
[SourceVersionDate "2023.10.10"]
[SourceQuality "1"]

1. c4 e5 2. g3 g6 3. Bg2 Bg7 4. Nc3 Nc6 5. e4 d6 6. d3 f5 7. Nge2 Nf6 8. Nd5 0-0 9. Bg5 Ne7 10. 0-0 c6 11. Nxf6+ Bxf6 12. Bxf6 Rxf6 13. d4 Be6 14. d5 cxd5 15. exd5 Bd7 16. b4 Rc8 17. Rc1 Qb6 18. Qb3 f4 19. Nc3 fxg3 20. hxg3 Nf5 21. Ne4 Rff8 22. c5 dxc5 23. bxc5 Qxb3 24. axb3 Nd4 25. Rb1 Bf5 26. b4 a5 27. bxa5 Ne2+ 28. Kh2 Bxe4 29. Bxe4 Rxc5 30. Rxb7 Rxa5 31. Re7 Nc3 32. Bg2 e4 33. d6 Rd5 34. d7 Rh5+ 35. Bh3 Nd5 36. Rxe4 Nf6 37. Rd4 Rd8 38. Kg2 Re5 39. Rc1 Kf8 40. f4 Rd5 41. Rxd5 Nxd5 42. Rc8 Ke7 43. Kf3 Nb6 44. Rc7 Nxd7 45. Rxd7+ Rxd7 46. Bxd7 Kxd7 47. Kg4 h6 48. f5 h5+ 49. Kg5 gxf5 50. Kxf5 h4 51. gxh4 Ke7 52. Kg6 Kf8 53. Kh7 Kf7 54. h5 Kf8 55. h6 Kf7 56. Kh8 Kf8 57. h7 Kf7 1/2-1/2

[Event "Moron Mayor Cup Challengers 1819"]
[Site "Moron"]
[Date "2019.??.??"]
[Round "4.8"]
[White "Milla, Leandro Javier"]
[Black "Wald, Gabriel"]
[Result "0-1"]
[WhiteElo "1780"]
[BlackElo "2028"]
[PlyCount "48"]
[EventDate "2019.04.01"]
[EventType "tourn"]
[EventRounds "7"]
[EventCountry "ARG"]
[SourceTitle "EXT 2024"]
[Source "ChessBase"]
[SourceDate "2023.10.10"]
[SourceVersion "1"]
[SourceVersionDate "2023.10.10"]
[SourceQuality "1"]

1. d4 Nf6 2. e3 d5 3. Bd3 c5 4. c3 Nc6 5. f4 g6 6. Nf3 Bg7 7. 0-0 c4 8. Bc2 Bf5 9. Bxf5 gxf5 10. Nbd2 e6 11. Ne5 Qc7 12. Kh1 b5 13. a3 a5 14. Rg1 h5 15. h3 Nxe5 16. fxe5 Ng4 17. Qe2 f6 18. Nf3 fxe5 19. hxg4 hxg4+ 20. Nh2 g3 21. Rf1 Qe7 22. Kg1 Qh4 23. Rf3 Qxh2+ 24. Kf1 Qh1# 0-1

[Event "Buenos Aires Faogba 35th"]
[Site "Buenos Aires"]
[Date "2018.11.??"]
[Round "2.7"]
[White "Wald, Gabriel"]
[Black "Sapienza, Julian"]
[Result "1-0"]
[WhiteElo "1866"]
[BlackElo "2080"]
[PlyCount "57"]
[EventDate "2018.11.13"]
[EventType "swiss"]
[EventRounds "7"]
[EventCountry "ARG"]
[SourceTitle "EXT 2024"]
[Source "ChessBase"]
[SourceDate "2023.10.10"]
[SourceVersion "1"]
[SourceVersionDate "2023.10.10"]
[SourceQuality "1"]

1. c4 e5 2. Nc3 Nf6 3. d3 b5 4. cxb5 d5 5. d4 exd4 6. Qxd4 c5 7. bxc6 Nxc6 8. Qa4 Bd7 9. e3 Ne5 10. Bb5 Nd3+ 11. Ke2 Nc5 12. Bxd7+ Ncxd7 13. Nf3 Be7 14. Rd1 Kf8 15. Nxd5 Nb6 16. Nxb6 Qxb6 17. b3 Rc8 18. Ba3 Bxa3 19. Qxa3+ Kg8 20. Rac1 Re8 21. Kf1 h6 22. Nd4 Qb8 23. Kg1 Ng4 24. Nf3 Qb6 25. Qa4 Nf6 26. Rc6 Qb8 27. Qc4 Kh7 28. Rxf6 Rd8 29. Qc2+ 1-0

[Event "Moron Amateur-ch"]
[Site "Moron"]
[Date "2018.07.26"]
[Round "6"]
[White "Wald, Gabriel"]
[Black "Contessotto, Enrique"]
[Result "1-0"]
[WhiteElo "1838"]
[BlackElo "2089"]
[PlyCount "81"]
[EventDate "2018.07.17"]
[EventType "swiss"]
[EventRounds "7"]
[EventCountry "ARG"]
[SourceTitle "EXT 2019"]
[Source "ChessBase"]
[SourceDate "2018.10.10"]
[SourceVersion "1"]
[SourceVersionDate "2018.10.10"]
[SourceQuality "1"]

1. d4 f5 2. Nf3 Nf6 3. Bf4 d6 4. h3 g6 5. e3 Bg7 6. Bc4 e6 7. g4 Qe7 8. Nc3 Nc6 9. gxf5 gxf5 10. Rg1 Bd7 11. Qe2 0-0-0 12. 0-0-0 Ne4 13. Nxe4 fxe4 14. Nd2 d5 15. Bb5 Kb8 16. Bxc6 Bxc6 17. f3 e5 18. Rxg7 Qxg7 19. Bxe5 Qh6 20. Bxh8 Rxh8 21. Rh1 Rg8 22. Qf2 Rf8 23. f4 Bd7 24. Qg3 a6 25. h4 Qd6 26. Rg1 Qb4 27. a3 Qb5 28. Qf2 h5 29. Qf1 Qc6 30. Rg5 Bg4 31. Nb3 Rf6 32. Nc5 Ka7 33. c4 dxc4 34. Qxc4 Qb6 35. Qb4 Rc6 36. Kd2 Bf3 37. Qxb6+ Rxb6 38. b4 a5 39. Nd7 axb4 40. Nxb6 bxa3 41. Nc4 1-0

[Event "Moron Amateur-ch"]
[Site "Moron"]
[Date "2018.07.24"]
[Round "5"]
[White "Wald, Gabriel"]
[Black "Oyarzu, Eduardo"]
[Result "1-0"]
[WhiteElo "1838"]
[BlackElo "1833"]
[PlyCount "35"]
[EventDate "2018.07.17"]
[EventType "swiss"]
[EventRounds "7"]
[EventCountry "ARG"]
[SourceTitle "EXT 2019"]
[Source "ChessBase"]
[SourceDate "2018.10.10"]
[SourceVersion "1"]
[SourceVersionDate "2018.10.10"]
[SourceQuality "1"]

1. Nf3 Nf6 2. d4 g6 3. Bf4 Bg7 4. e3 d5 5. Be2 c5 6. c3 0-0 7. 0-0 Nc6 8. Nbd2 cxd4 9. exd4 Nh5 10. Bg5 Qd6 11. Rc1 f6 12. Bh4 e5 13. dxe5 fxe5 14. Ne4 Qe6 15. Nfg5 Qd7 16. Nc5 Qc7 17. Qxd5+ Kh8 18. Bxh5 1-0

[Event "Moron Philidor CC-ch 1st"]
[Site "Moron"]
[Date "2018.05.??"]
[Round "2.3"]
[White "Cabrera, Matias"]
[Black "Wald, Gabriel"]
[Result "1/2-1/2"]
[WhiteElo "2015"]
[BlackElo "2023"]
[PlyCount "58"]
[EventDate "2018.05.01"]
[EventType "tourn"]
[EventRounds "7"]
[EventCountry "ARG"]
[SourceTitle "EXT 2024"]
[Source "ChessBase"]
[SourceDate "2023.10.10"]
[SourceVersion "1"]
[SourceVersionDate "2023.10.10"]
[SourceQuality "1"]

1. e4 e6 2. d4 d5 3. e5 c5 4. c3 Nc6 5. Nf3 Qb6 6. a3 c4 7. g3 Bd7 8. Bg2 f6 9. exf6 gxf6 10. 0-0 Na5 11. Ne5 fxe5 12. Qh5+ Ke7 13. Qg5+ Kf7 14. f4 exd4 15. f5 e5 16. Bxd5+ Ke8 17. f6 Be6 18. Qxe5 Kd7 19. f7 Ne7 20. Bxe6+ Qxe6 21. Qxh8 Nb3 22. Ra2 Ng6 23. Qxh7 Nxc1 24. Rxc1 Qe3+ 25. Kg2 Qe4+ 26. Kg1 Qe3+ 27. Kg2 Qe2+ 28. Kg1 Qe3+ 29. Kg2 Qe4+ 1/2-1/2

[Event "Moron Philidor CC-ch 1st"]
[Site "Moron"]
[Date "2018.05.??"]
[Round "4.4"]
[White "Oyarzu, Eduardo"]
[Black "Wald, Gabriel"]
[Result "0-1"]
[WhiteElo "1913"]
[BlackElo "2023"]
[PlyCount "44"]
[EventDate "2018.05.01"]
[EventType "tourn"]
[EventRounds "7"]
[EventCountry "ARG"]
[SourceTitle "EXT 2024"]
[Source "ChessBase"]
[SourceDate "2023.10.10"]
[SourceVersion "1"]
[SourceVersionDate "2023.10.10"]
[SourceQuality "1"]

1. d4 Nf6 2. c4 e5 3. dxe5 Ng4 4. Bf4 Nc6 5. Nf3 Bb4+ 6. Nc3 Bxc3+ 7. bxc3 Qe7 8. Qd5 Qa3 9. Rc1 f6 10. exf6 Nxf6 11. Qd2 d6 12. e3 0-0 13. Bd3 Bg4 14. Nd4 Ne5 15. 0-0 Qc5 16. h3 Bd7 17. Rb1 b6 18. Qe2 Rae8 19. Bg3 Nxd3 20. Qxd3 Ne4 21. Ne2 Bf5 22. Rb5 Nxg3 0-1

[Event "Buenos Aires Philidor CC op"]
[Site "Buenos Aires"]
[Date "2017.11.23"]
[Round "6"]
[White "Wald, Gabriel"]
[Black "Brunsteins, Daniel Bernardo"]
[Result "1-0"]
[WhiteElo "2023"]
[BlackElo "1938"]
[PlyCount "41"]
[EventDate "2017.11.07"]
[EventType "swiss"]
[EventRounds "7"]
[EventCountry "ARG"]
[SourceTitle "CBM 181 Extra"]
[Source "ChessBase"]
[SourceDate "2017.12.12"]
[SourceVersion "1"]
[SourceVersionDate "2017.12.12"]
[SourceQuality "1"]

1. e4 c6 2. d3 d5 3. Nd2 e5 4. Ngf3 Bd6 5. Qe2 Qe7 6. d4 Bg4 7. dxe5 Bxf3 8. Nxf3 Bb4+ 9. c3 dxe4 10. Qxe4 Ba5 11. Bd3 Nd7 12. b4 Bc7 13. Bg5 Qe6 14. Bf4 Ne7 15. Bc4 Qg6 16. Qe2 Nb6 17. Nh4 Bxe5 18. Nxg6 Bxc3+ 19. Bd2 Bxd2+ 20. Kxd2 0-0-0+ 21. Kc2 1-0

[Event "Buenos Aires Philidor CC op"]
[Site "Buenos Aires"]
[Date "2017.11.14"]
[Round "3"]
[White "Gonzalez, Luis Federico"]
[Black "Wald, Gabriel"]
[Result "1-0"]
[WhiteElo "1854"]
[BlackElo "2023"]
[PlyCount "57"]
[EventDate "2017.11.07"]
[EventType "swiss"]
[EventRounds "7"]
[EventCountry "ARG"]
[SourceTitle "CBM 181 Extra"]
[Source "ChessBase"]
[SourceDate "2017.12.12"]
[SourceVersion "1"]
[SourceVersionDate "2017.12.12"]
[SourceQuality "1"]

1. d4 Nf6 2. c4 c5 3. d5 b5 4. cxb5 a6 5. Nc3 axb5 6. Nxb5 d6 7. f3 g6 8. e4 Bg7 9. Bd2 0-0 10. Qc1 e6 11. dxe6 Bxe6 12. Ne2 Rxa2 13. Rxa2 Bxa2 14. Nec3 Be6 15. Bh6 Nxe4 16. Bxg7 Qh4+ 17. g3 Nxg3 18. Qh6 Nh5+ 19. Kd2 Qb4 20. Bxf8 Qxb2+ 21. Ke1 Qa1+ 22. Kf2 Nd7 23. Bxd6 Bc4 24. Rg1 Qb2+ 25. Be2 Ng7 26. Qe3 Nf6 27. Rb1 Qc2 28. Na3 Qf5 29. Rb8+ 1-0

[Event "Moron Philidor CC U2200 15th"]
[Site "Buenos Aires"]
[Date "2017.09.16"]
[Round "3"]
[White "Solano, Pablo"]
[Black "Wald, Gabriel"]
[Result "1/2-1/2"]
[WhiteElo "1907"]
[BlackElo "1863"]
[PlyCount "46"]
[EventDate "2017.09.12"]
[EventType "swiss"]
[EventRounds "7"]
[EventCountry "ARG"]
[SourceTitle "CBM 180 Extra"]
[Source "ChessBase"]
[SourceDate "2017.10.06"]
[SourceVersion "1"]
[SourceVersionDate "2017.10.06"]
[SourceQuality "1"]

1. d4 Nf6 2. Nf3 g6 3. c4 Bg7 4. Nc3 d6 5. e4 0-0 6. Be2 e5 7. d5 a5 8. 0-0 Na6 9. Be3 Ng4 10. Bg5 f6 11. Bd2 f5 12. Ne1 Nf6 13. f3 f4 14. g4 fxg3 15. hxg3 Qd7 16. Nd3 Nh5 17. Kf2 Nxg3 18. Kxg3 Qh3+ 19. Kf2 Qh4+ 20. Kg1 Qg3+ 21. Kh1 Qh3+ 22. Kg1 Qg3+ 23. Kh1 Qh3+ 1/2-1/2

[Event "Moron Philidor CC U2200"]
[Site "Moron"]
[Date "2016.09.24"]
[Round "7"]
[White "Herrera, Pablo"]
[Black "Wald, Gabriel"]
[Result "1-0"]
[WhiteElo "2074"]
[BlackElo "1938"]
[PlyCount "89"]
[EventDate "2016.09.13"]
[EventType "swiss"]
[EventRounds "7"]
[EventCountry "ARG"]
[SourceTitle "CBM 174 Extra"]
[Source "ChessBase"]
[SourceDate "2016.10.10"]
[SourceVersion "1"]
[SourceVersionDate "2016.10.10"]
[SourceQuality "1"]

1. c4 Nf6 2. Nc3 g6 3. e4 d6 4. d4 Bg7 5. Be2 0-0 6. Bg5 c5 7. d5 h6 8. Be3 a6 9. f3 e6 10. dxe6 Bxe6 11. Qd2 Nc6 12. Rd1 Ne8 13. Bd3 Nd4 14. Nge2 b5 15. cxb5 axb5 16. Bxd4 cxd4 17. Nxb5 Rxa2 18. 0-0 Qb6 19. Ra1 Nc7 20. Rxa2 Bxa2 21. Nxc7 Qxc7 22. f4 Rb8 23. b4 Bb3 24. f5 Qe7 25. Rb1 Ba4 26. fxg6 fxg6 27. Qa2+ Kh7 28. Qxa4 Qg5 29. Qd1 Qe3+ 30. Kh1 Rf8 31. Ng1 Rf2 32. Nf3 h5 33. b5 h4 34. h3 Be5 35. Nxe5 dxe5 36. b6 Rxg2 37. Kxg2 Qg3+ 38. Kf1 Qxh3+ 39. Ke1 Qg3+ 40. Kd2 h3 41. Qg1 Qf4+ 42. Ke2 h2 43. Qf2 Qh6 44. Qf3 g5 45. Bc4 1-0

[Event "Moron Philidor CC U2200"]
[Site "Moron"]
[Date "2016.09.13"]
[Round "1"]
[White "Rolon, Maximiliano"]
[Black "Wald, Gabriel"]
[Result "1/2-1/2"]
[WhiteElo "1720"]
[BlackElo "1938"]
[PlyCount "53"]
[EventDate "2016.09.13"]
[EventType "swiss"]
[EventRounds "7"]
[EventCountry "ARG"]
[SourceTitle "CBM 174 Extra"]
[Source "ChessBase"]
[SourceDate "2016.10.10"]
[SourceVersion "1"]
[SourceVersionDate "2016.10.10"]
[SourceQuality "1"]

1. d4 Nf6 2. Bg5 g6 3. Bxf6 exf6 4. e3 d5 5. g3 c6 6. Bg2 Be6 7. Ne2 Bd6 8. Nd2 Na6 9. 0-0 Qd7 10. b3 Bh3 11. e4 h5 12. exd5 cxd5 13. Nc3 Bxg2 14. Kxg2 Nc7 15. Qf3 Be7 16. Rfe1 0-0-0 17. a4 h4 18. Nb5 hxg3 19. hxg3 Qh3+ 20. Kg1 Qh2+ 21. Kf1 Qh1+ 22. Qxh1 Rxh1+ 23. Kg2 Rxe1 24. Rxe1 Bb4 25. c3 Nxb5 26. axb5 Bd6 27. Nf3 1/2-1/2

[Event "Buenos Aires Perez Cup"]
[Site "Buenos Aires"]
[Date "2016.05.21"]
[Round "7"]
[White "Wald, Gabriel"]
[Black "Herrera, Pablo"]
[Result "1/2-1/2"]
[WhiteElo "1912"]
[BlackElo "2077"]
[PlyCount "104"]
[EventDate "2016.05.10"]
[EventType "swiss"]
[EventRounds "7"]
[EventCountry "ARG"]
[SourceTitle "CBM 172 Extra"]
[Source "ChessBase"]
[SourceDate "2016.06.21"]
[SourceVersion "1"]
[SourceVersionDate "2016.06.21"]
[SourceQuality "1"]

1. e4 d5 2. exd5 Nf6 3. Nc3 Nxd5 4. Nxd5 Qxd5 5. Qf3 Be6 6. Be2 Nc6 7. Qxd5 Bxd5 8. Bf3 0-0-0 9. Bxd5 Rxd5 10. Nf3 Nb4 11. Kd1 e5 12. a3 Nc6 13. Re1 Bc5 14. c4 Rd7 15. Nxe5 Nxe5 16. Rxe5 Bxf2 17. Re2 Bg1 18. h3 f5 19. Kc2 Bd4 20. Rb1 g5 21. b3 h5 22. Bb2 Bxb2 23. Kxb2 Rhd8 24. Kc2 Rd3 25. Rf1 f4 26. h4 f3 27. Rxf3 Rxf3 28. gxf3 gxh4 29. Re4 Rf8 30. Rxh4 Rxf3 31. Rxh5 b6 32. Re5 Kd7 33. Re3 Rf1 34. d4 a5 35. a4 Rf2+ 36. Kc3 Kd6 37. Rh3 Rf1 38. Rh6+ Kd7 39. Rh7+ Kd6 40. Rh6+ Kd7 41. c5 bxc5 42. dxc5 Rc1+ 43. Kd4 c6 44. Rh7+ Kc8 45. Ra7 Rd1+ 46. Kc3 Rc1+ 47. Kd4 Rd1+ 48. Ke3 Rb1 49. Rxa5 Rxb3+ 50. Kd4 Kb7 51. Ke5 Rd3 52. Ke4 Rd5 1/2-1/2

[Event "Buenos Aires Perez Cup"]
[Site "Buenos Aires"]
[Date "2016.05.12"]
[Round "2"]
[White "Wald, Gabriel"]
[Black "Brunsteins, Daniel Bernardo"]
[Result "1-0"]
[WhiteElo "1912"]
[BlackElo "1874"]
[PlyCount "147"]
[EventDate "2016.05.10"]
[EventType "swiss"]
[EventRounds "7"]
[EventCountry "ARG"]
[SourceTitle "CBM 172 Extra"]
[Source "ChessBase"]
[SourceDate "2016.06.21"]
[SourceVersion "1"]
[SourceVersionDate "2016.06.21"]
[SourceQuality "1"]

1. d4 d5 2. Nf3 Nf6 3. c4 c6 4. Nc3 e6 5. Bf4 Qa5 6. Bd2 Qc7 7. e3 Nbd7 8. Be2 Be7 9. 0-0 0-0 10. cxd5 exd5 11. a3 Re8 12. Rc1 Qb8 13. Bd3 Bd6 14. Qc2 Nf8 15. h3 Ng6 16. Rfe1 Bd7 17. e4 dxe4 18. Nxe4 Nxe4 19. Bxe4 Be6 20. Ng5 Bh2+ 21. Kh1 Bf4 22. Bxg6 hxg6 23. Nxe6 Bxd2 24. Qxd2 Rxe6 25. Rxe6 fxe6 26. Re1 Qd6 27. Qe3 Re8 28. Qe4 Kh7 29. h4 Rf8 30. h5 Rf6 31. Re2 Qf4 32. hxg6+ Kh6 33. Kg1 Qxe4 34. Rxe4 Kxg6 35. g3 Kf7 36. f4 Ke7 37. Kg2 Kd6 38. Re5 Rf5 39. Kf3 g6 40. Ke4 b6 41. g4 Rf6 42. b4 a6 43. Rg5 b5 44. Ke3 Kd7 45. Ke4 Kd6 46. Rc5 Rf7 47. Rg5 Rf6 48. Kf3 Kd7 49. Kg3 Kd6 50. Re5 Kd7 51. Re1 Kd6 52. Re5 Kd7 53. Re2 Kd6 54. Rc2 Kd5 55. Rc5+ Kd6 56. Kf3 Kd7 57. Ke4 Kd6 58. Rc1 Rf7 59. Rh1 Rg7 60. g5 a5 61. bxa5 Ra7 62. Rh6 Rg7 63. a6 c5 64. dxc5+ Kxc5 65. a7 Rxa7 66. Rxg6 Rxa3 67. Rxe6 b4 68. f5 Rg3 69. g6 b3 70. Re8 Rg4+ 71. Ke3 Rg5 72. Kf4 Rg2 73. Rb8 Kd6 74. Rxb3 1-0

[Event "Alfredo Pollio Memorial"]
[Site "Buenos Aires"]
[Date "2009.03.20"]
[Round "7"]
[White "Lugo, Sergio"]
[Black "Wald, Gabriel"]
[Result "1-0"]
[WhiteElo "1948"]
[BlackElo "1996"]
[PlyCount "91"]
[EventDate "2009.03.14"]
[EventType "tourn"]
[EventRounds "9"]
[EventCountry "ARG"]
[SourceTitle "CBM 129 Extra"]
[Source "ChessBase"]
[SourceDate "2009.05.05"]
[SourceVersion "2"]
[SourceVersionDate "2009.05.20"]
[SourceQuality "1"]

1. c4 Nf6 2. Nc3 e6 3. Nf3 d5 4. cxd5 exd5 5. d4 c6 6. Bg5 Nbd7 7. e3 Be7 8. Bd3 0-0 9. 0-0 Re8 10. Qc2 Nf8 11. Ne5 Ng4 12. Bxe7 Rxe7 13. Nf3 Ng6 14. h3 Nf6 15. b4 Qd6 16. Rab1 Be6 17. Na4 b6 18. Bxg6 hxg6 19. Ne5 Rc7 20. g4 Rac8 21. Qb2 Qe7 22. Kg2 Qe8 23. Qb3 c5 24. bxc5 bxc5 25. Nxc5 Rxc5 26. dxc5 d4 27. Qd3 Bd5+ 28. f3 dxe3 29. Qxe3 Nd7 30. Rbe1 Rxc5 31. Nxd7 Rc2+ 32. Rf2 Rxf2+ 33. Kxf2 Qxd7 34. Qe8+ Qxe8 35. Rxe8+ Kh7 36. a3 a6 37. g5 f6 38. f4 Bc6 39. Rb8 fxg5 40. fxg5 Bd5 41. Ke3 Bg2 42. h4 Bf1 43. Kd4 Be2 44. Kc5 Bd3 45. a4 Be2 46. a5 1-0

[Event "Alfredo Pollio Memorial"]
[Site "Buenos Aires"]
[Date "2009.03.17"]
[Round "5"]
[White "Tomeo, Nicolas"]
[Black "Wald, Gabriel"]
[Result "1/2-1/2"]
[WhiteElo "2009"]
[BlackElo "1996"]
[PlyCount "36"]
[EventDate "2009.03.14"]
[EventType "tourn"]
[EventRounds "9"]
[EventCountry "ARG"]
[SourceTitle "CBM 129 Extra"]
[Source "ChessBase"]
[SourceDate "2009.05.05"]
[SourceVersion "2"]
[SourceVersionDate "2009.05.20"]
[SourceQuality "1"]

1. d4 Nf6 2. Nf3 g6 3. c4 c5 4. d5 b5 5. a4 b4 6. Nbd2 d6 7. g3 Bg7 8. Bg2 a5 9. 0-0 0-0 10. h3 Ra7 11. e4 Ne8 12. Re1 Nd7 13. Ra2 e5 14. Nf1 f5 15. Bg5 Bf6 16. Bh6 Bg7 17. Bg5 Bf6 18. Bh6 Bg7 1/2-1/2